| 000 | 00913nam a22002657a 4500 | ||
|---|---|---|---|
| 001 | BR8007688 | ||
| 003 | BR-BrBNA | ||
| 005 | 20230928090902.0 | ||
| 007 | ta | ||
| 008 | 230509b bl.||||| |||| 00| 0 por d | ||
| 040 |
_aBR-BrBNA _bpor _cBiblioteca Nacional de Agricultura |
||
| 041 | _a(Por) | ||
| 072 |
_aK10 _b8901 _b/G514 |
||
| 090 | _ 8901 BR8007688 | ||
| 110 | 1 |
_aInstituto Brasileiro de Desenvolvimento Florestal, Brasilia, DF (Brasil) _95727 |
|
| 245 | 1 | _aAproveitamento da madeira da area do reservatorio da usina hidreletrica de Tucurui. Sintese avaliativa da situacao. V. 1. Estudos basicos [exploracao florestal, extracao da madeira, Para] | |
| 260 | 3 |
_aBrasilia, DF (Brasil): _c1980. |
|
| 300 | _a194 p. | ||
| 500 | _a46 tables; Map, 26x15 cm. | ||
| 650 | _aEXTRACAO DA MADEIRA | ||
| 650 | _aEXPLORACAO FLORESTAL | ||
| 650 | _aPARA | ||
| 909 |
_a202309 _bLucia _c55 _dLucia Elande |
||
| 942 | _cBK | ||
| 999 |
_c31088 _d31088 |
||